| 000 | 00000nam##2200000za#4500 |
| 001 | 9.571611 |
| 003 | CaOODSP |
| 005 | 20211126112844 |
| 007 | cr ||||||||||| |
| 008 | 150406|2002||||xxc|||||o f|0| 0 eng|d |
| 022 | |a1701-9397 |
| 040 | |aCaOODSP|beng |
| 043 | |an-cn--- |
| 086 | 1 |aFB3-2/102-2E-PDF |
| 110 | 2 |aBank of Canada. |
| 245 | 10|aAsset allocation using extreme value theory / |h[electronic resource]|cby Younes Bensalah. |
| 260 | |aOttawa - Ontario : |bBank of Canada |cJanuary 2002. |
| 300 | |a29p.|bgraphs, tables |
| 490 | 1 |aBank of Canada working paper|x1701-9397|v2002-2 |
| 500 | |a"This paper examines asset allocation strategies in an extreme value at risk (VaR) framework in which the risk measure is the p-quantile from the extreme value distribution. The main focus is on the allocation problem faced by an extremely risk-averse institution, such as a central bank. The optimal portfolio in terms of excess return over the risk-free rate per unit of risk is also described."--Abstract. |
| 500 | |aThe ISSN (1192-5434) for the print edition has been incorrectly copied in this electronic publication. |
| 504 | |aBibliography. |
| 520 | 3 |aThis paper examines asset allocation strategies in an extreme value at risk (VaR) framework in which the risk measure is the p-quantile from the extreme value distribution. The main focus is on the allocation problem faced by an extremely risk-averse institution, such as a central bank. The optimal portfolio in terms of excess return over the risk-free rate per unit of risk is also described.--Abstract |
| 546 | |aRésumé en français. |
| 590 | |a11-19-Supp|b2011-09-23 |
| 690 | 07|aProperty management|2gcpds |
| 690 | 07|aRisk management|2gcpds |
| 690 | 07|aStock markets|2gcpds |
| 720 | 1 |aBensalah, Younes |
| 776 | 0#|tAsset allocation using extreme value theory / |w(CaOODSP)9.615900 |
| 830 | #0|aWorking paper (Bank of Canada)|x1701-9397|v2002-2|w(CaOODSP)9.504604 |
| 856 | 40|ahttp://publications.gc.ca|qPDF|s320 KB|uhttps://publications.gc.ca/collections/Collection/FB3-2-102-2E.pdf|y2002-2 |